000 00776nam a2200265 i 4500
001 170475
003 ES-MaACL
005 20230906214402.0
008 090309s1971 xxu |||| | sen d
020 _a0-8284-0251-5
080 _a164
100 1 _aVenn, John.
_9139607
245 1 0 _aSymbolic logic /
_cby John Venn.
250 _a[Facsim. ed].
260 _aNew York :
_bChelsea,
_c1971.
300 _aXXXVIII, 540 p. ;
_c21 m.
500 _aÍndice.
504 _aBibliografía.
534 _pReprod. facs. de:,
_b2ª ed,
_cLondres, 1894.
650 4 _aLógica simbólica.
_914702
655 7 _2tgfbne
_9226495
_aFacsímiles
852 4 _aES-MaACL
_jE-12495
_z. - Biblioteca Jacinto Martínez Lacalle
942 _2udc
999 _c170475
_d170475